Comprehensive USA - Statistics

General Stats
  • This quiz has been taken 34 times
  • The average score is 22 of 32
Answer Stats
Hint Answer % Correct
"The Big Apple" New York City, NY
97%
"the sunshine state" Florida
94%
2001, New York and Washington 9/11
90%
Iraq Barack Obama
90%
World War II Franklin D. Roosevelt
90%
Iraq George W. Bush
90%
December 16, 1773, Boston The Boston Tea Party
90%
Civil War Abraham Lincoln
84%
World War II Harry S. Truman
84%
Vietnam John F. Kennedy
84%
1848-1855, California The California Gold Rush
84%
Vietnam Lyndon B. Johnson
81%
Four Corners Arizona
77%
Four Corners states Colorado
77%
Four Corners New Mexico
77%
Vietnam Richard M. Nixon
77%
Four Corners Utah
77%
U.S. Territories (with Congress representation) Puerto Rico
74%
World War I Woodrow Wilson
74%
Don't mess with... Texas
71%
Korea Dwight D. Eisenhower
68%
1962, Cuba and nearby waters The Cuban Missile Crisis
68%
1950s, concerning communism The Red Scare
61%
U.S. Territories Guam
55%
Korea Harry S. Truman
55%
War of 1812 James Madison, Jr.
48%
Mexican-American War James K. Polk
45%
U.S. Territories U.S. Virgin Islands
42%
U.S. Territories American Samoa
35%
Spanish-American War William McKinley
35%
1855-1856, Kansas Territory Bleeding Kansas
23%
U.S. Territories Northern Mariana Islands
16%
No matching quizzes found
Score Distribution
Percent of People with Each Score
Percentile by Number Answered
Your Score History
You have not taken this quiz